000 02211cam a2200325 4500500
005 20251228080754.0
041 _afre
042 _adc
100 1 0 _aRobin, Pierrine
_eauthor
700 1 0 _aMackiewicz, Marie-Pierre
_eauthor
700 1 0 _aGoussault, Bénédicte
_eauthor
700 1 0 _aDelcroix, Sylvie
_eauthor
245 0 0 _aLa transition à l’âge adulte au prisme d’une recherche par les pairs
260 _c2015.
500 _a23
520 _aCet article s’intéresse à la transition à l’âge adulte des jeunes sortant de la protection de l’enfance. À partir d’une recherche par les pairs, la spécificité de la trajectoire à l’âge adulte des jeunes sortant des dispositifs est explorée. Ces jeunes sont confrontés à un processus accéléré et compressé de transition à l’âge adulte, mais également à un ajustement identitaire important devant les multiples transitions auxquelles ils font face simultanément. Dans ce processus de transition et d’hybridation, ils peuvent ressentir un sentiment de solitude important.
520 _aThis article discusses the transition to adulthood of young people leaving child protection services. Results from a study by peer group members enable the authors to explore the specificities of their trajectories towards adulthood. They are confronted by an accelerated process and compressed transition to the age of adulthood and to a necessary adjustment of their identity due to the multiple transitions that all take place at the same time. In this process of transition and hybridization, they may be faced with strong feelings of loneliness.
690 _aajustement identitaire
690 _ahybridation
690 _amétamorphoses
690 _aprocessus compressé de transition à l’âge adulte
690 _arecherche par les pairs
690 _aadjustment of identity
690 _acompressed process of transition to adulthood
690 _ahybridization
690 _ametamorphosis
690 _apeer group research
786 0 _nVie sociale | 12 | 4 | 2015-11-24 | p. 71-88 | 0042-5605
856 4 1 _uhttps://shs.cairn.info/revue-vie-sociale-2015-4-page-71?lang=fr&redirect-ssocas=7080
999 _c1598830
_d1598830